00525nam a2200193 a 4500001001300000003000900013005001700022008004100039020001300080082001700093100002500110245006600135260003500201300000900236500003500245505001000280650001600290700002500306nice12345678IN_TiNIC20260116011529.0050524s1960 newa grp 000 0 eng  ac129.2500a231.044bBOW aBowie, Walter Russel aJesus and the Trinityb a Key to Deeper Religious Experience. aNew YorkbAbingdon Pressc1960 a160p aincludes index and biblioraphy2 aIndex aGod-Trinity1 aBowie, Walter Russel